Ak by sa zaplátali v zdravotníctve "čierne diery" zostalo by aj na platy lekárov

Bibliographic Details
Main Author: Nozdrovická, Andrea (Author)
Format: Article
Language:Slovak
Subjects:

MARC

LEADER 00000nab a2200000 a 4500
001 vtls000586413
003 SK-MaSNL
005 20260303011518.0
008 220422c1996 xo 0 slo
015 |a SNBRB19rr/mm-uuuuu 
035 |a CL0586552 
040 |a SNKBUCL  |b slo  |c SNKBUCL  |e AACR2 
041 0 |a slo 
044 |a xo  |c SK 
080 |a 614.2(437.6):331.215  |2 1981 
080 |a 331.215  |2 1981 
100 1 |a Nozdrovická, Andrea  |4 aut  |9 900554 
245 1 0 |a Ak by sa zaplátali v zdravotníctve "čierne diery" zostalo by aj na platy lekárov  |c Andrea Nozdrovická 
650 0 7 |a pracovníci zdravotnícki  |2 snkbucl  |9 393716 
650 0 7 |a lekári  |2 snkbucl  |9 3195 
650 0 7 |a mzdy  |2 snkbucl  |9 2316 
655 7 |a články z novín a časopisov  |2 snkbucl  |9 267496 
773 0 |t Národná obroda  |g Roč. 7, č. 127 (1. 6. 1996), s. 9 
850 |a Slovenská národná knižnica v Martine  |a MTA001 
852 |a SNK  |b KIS3GCP 
958 |a RK 
958 |a ME 
958 |a SK 
992 |a RBX 
999 |c 1592513  |d 1594443